[Event "St Petersburg-ch 77th"]
[Site "St Petersburg"]
[Date "2004.04.01"]
[Round "1"]
[White "Klimov, Sergey"]
[Black "Solovjov, Sergey"]
[Result "0-1"]
[WhiteElo "2520"]
[BlackElo "2426"]
[Annotator "Mikhalevski,V"]
[PlyCount "58"]
[EventDate "2004.04.01"]
[EventType "tourn"]
[EventRounds "11"]
[EventCountry "RUS"]
[EventCategory "10"]
[SourceTitle "CBM 101"]
[Source "ChessBase"]
[SourceDate "2004.07.27"]
[SourceVersion "1"]
[SourceVersionDate "2004.07.27"]
[SourceQuality "1"]

1. d4 d5 2. c4 c6 3. Nf3 e6 4. e3 Nf6 5. Bd3 dxc4 6. Bxc4 b5 7. Bd3 Bb7 8. O-O
Nbd7 9. e4 a6 10. a4 {A typical for the positions of this type idea. Putting
pressure on the b5-pawn White tries to prevent a programme advance c5.} Be7 (
10... c5 {is analysed in Dellemare-Pliester, NED-chT playoff 2004[Mikhalevski,
V] CBM 101.}) 11. Bg5 {The idea behind this move is to trade the dark-squared
bishops and then to exploit weak dark squares and to prepare Nbd2.} ({In the
earlier games White also tested immediate} 11. Nbd2 Nc5 12. Bc2 Nxa4 13. Bxa4
bxa4 14. Qxa4 O-O 15. b4 a5 16. bxa5 Ba6 17. Ne5 Bb5 (17... Bxf1 $1 {was
necessary and Black's at least not worse.} 18. Nxc6 Qc7 19. Nxe7+ (19. Kxf1
Rfc8) 19... Qxe7 20. Ba3 Qb7 21. Bxf8 $2 (21. Nxf1 Rfb8) 21... Bb5 $1) 18. Qc2
Qxd4 $2 ({Now was the last chance for} 18... Bxf1) 19. Bb2 Qd8 20. Ndc4 {
White got a clear positional advantage and eventually won the game. 1-0 Bu
Xiangzhi-Fontaine,R/Cannes FRA 2004/The Week in Chess 483 (42). (41)}) (11. Qe2
) ({and} 11. e5) 11... h6 12. Bh4 O-O ({A short , but interesting tactical
battle took place in the following game:} 12... Qb6 13. axb5 ({In case of
immediate} 13. e5 Nd5 14. Bxe7 Kxe7 $1 {it's not easy for white to stop c5.})
13... cxb5 14. Nc3 g5 15. Bg3 g4 16. Ne5 Qxd4 17. Nxb5 axb5 18. Bxb5 Qxe4 19.
Rxa8+ Bxa8 20. Bxd7+ Kf8 21. f3 Qe3+ 22. Kh1 gxf3 23. Nxf3 {1/2-1/2 Zagorskis,
D-Sokolov,A/Berlin 1994/EXT 97 (23)}) ({Another option is to prevent the
potentially dangerous exchange of the dark-squared bishops by means of} 12...
g5 13. Bg3 Nh5 {Thanks to this manoeuvre Black succeeds to exchange the bishop,
but at the same time he weakens his pawn structure on the kingside.
Nevertheless the latter is less important. The game showed that White is the
one who had to solve problems:} 14. Nbd2 Nxg3 15. hxg3 g4 16. Ne1 h5 17. e5 Nb6
{and Black's fine. 1/2-1/2 Tregubov-Geller, Krasnodar 2001.}) 13. axb5 ({Also} 
13. Qe2 {doesn't seem to promise much. White won the game quickly only thanks
to Black's miscalculation on the 21th move.} Re8 (13... c5 $5 {deserved a
serious attention.}) 14. Nbd2 Nh5 $1 15. Bg3 (15. Bxe7 $5 Qxe7 16. Qe3) 15...
Nxg3 16. hxg3 Nb6 (16... bxa4 $5 {with the idea c5.}) 17. b3 Bb4 18. Rfc1 Nd7 (
18... e5 $1) 19. e5 $1 Qb6 $6 (19... bxa4 $142 20. bxa4 c5) 20. Ne4 Red8 21.
Qe3 c5 $2 {Black misses an intermediate move.} 22. dxc5 Nxc5 23. Nxc5 Bxc5 24.
Rxc5 bxa4 ({It turns out that} 24... Rxd3 {is strongly met by} 25. Rc8+ {
I believe this is the idea missed by Raicevic.}) 25. bxa4 {White is a piece up
and so Black resigned.}) ({White's still not ready for} 13. e5 Nd5 14. Bxe7
Qxe7 {as he cannot prevent c5.}) (13. Nbd2 bxa4 (13... Nc5 $2 {would only help
White to exploit the "bad" b7-bishop.} 14. dxc5 Qxd3 15. e5 {Exchanging the
dark-squared bishop White obtains a clear positional advantage.} Nd5 16. Bxe7
Nxe7 17. Re1 $16 {with the idea Ne4.}) 14. Bb1 c5 15. Qxa4 cxd4 16. Qxd4 Rc8
17. e5 Nd5 18. Bxe7 Nxe7 19. Qd3 Ng6 {and Black haven't experienced problems 1/
2-1/2 Petursson,M-Jonsson,B/Hafnarfirdi 1992/CBM 29 (75). (75)}) 13... axb5 ({
With} 13... cxb5 {Black could solve the problem of the b7-bishop right away,
however in that case he wouldn't be able to attack the centre with c5.} 14. Qe2
) 14. Rxa8 Qxa8 15. Qe2 ({In the only game which reached the board position
White continued} 15. Nbd2 {with the idea e5. Now the knight is ready to jump
to e4 after exchnage of the bishops.} {So} Rd8 16. Bb1 (16. e5 $5 Nd5 17. Bxe7
Nxe7 18. Qe2 $1) 16... Qa4 17. Qe2 b4 18. Rc1 c5 19. e5 Bxf3 20. Nxf3 Nd5 21.
Qe4 Nf8 22. dxc5 Bxh4 23. Qxh4 Ne7 24. Rf1 $14 (24. Qe4 Rd1+ 25. Rxd1 Qxd1+ 26.
Qe1 Qb3 $44) 24... Nc6 25. Be4 Rc8 26. Bxc6 Rxc6 27. Qd4 Qc2 28. Qxb4 Rxc5 29.
h3 Rc4 {and White can't avoid repeatition without losing the b-pawn:} 30. Qb5
Rc5 31. Qb7 Rc7 32. Qb5 Rc5 33. Qb6 Rc6 34. Qb5 Rc5 35. Qb7 Rc7 36. Qb4 Rc4 37.
Qa3 {1/2-1/2 Sasikiran,K-Solovjov,S/Pardubice 2001/CBM 83 ext (37).}) 15... Rd8
16. Rc1 $2 {Doesn't prevent c5 and so senseless.} ({White could try to look
for advantage by transposing into 15.Nbd2 Rbd8 16.e5.} 16. e5 $5 Nd5 17. Bxe7
Nxe7 18. Nbd2) 16... c5 $1 {Usually if Black succeeds to make this move
without any losses he equaliazes easily.} 17. d5 $2 {Probably this natural
move is the reason for the following troubles.} ({White had to accept the
b5-pawn looking for equality.} 17. Bxb5 g5 $5 ({or} 17... cxd4 18. Nxd4 Bxe4
19. Nc6 Bxc6 20. Bxc6 Qb8) 18. Bg3 Nxe4 19. Bc7 $140 Rc8) 17... c4 $1 {Black
has already obtained a very nice position.} (17... exd5 {would be met by} 18.
e5 $1) 18. Bc2 Nc5 19. Rd1 ({In case of} 19. d6 {Black wins the tactical
battle:} Bxd6 20. e5 Bxf3 21. gxf3 Nd3 22. Bxd3 cxd3 23. Qe1 Qa4 $1 24. Bxf6
Bb4 $1) 19... b4 20. dxe6 ({Probably the following was worth trying:} 20. e5 $5
b3 21. exf6 bxc2 22. Qxc2 gxf6 23. Qxc4) (20. Qxc4 b3 $1 21. Bxb3 exd5 22. Qb4
dxe4 23. Nd4 Nxb3 24. Qxb3 Bd5 $15) 20... Rxd1+ (20... fxe6 $5) 21. Bxd1 Nxe6 {
Black starts to look at the f4-square which will late become a very weak point
in White's camp.} 22. e5 Nd5 23. Bxe7 Nxe7 24. Qxc4 Qa1 25. Qc1 {A sad
necessity. White had to pin himself.} Ng6 $1 {Despite an extra pawn White's
position is already difficult. The pin along the first rank is very annoying.}
(25... Bd5 $5 {with the idea Ba2.}) 26. Nfd2 (26. Qc2 $5 {Stoping Be4.}) 26...
Ngf4 $17 {Suddenly it turns out that the g2-pawn is doomed.} 27. Nb3 {
Unpinning the b1-knight White helps to bring the queen to a very good position
on a8.} (27. g3 {is even worse:} Nh3+ 28. Kf1 Qa7 $1) 27... Qa8 {Now the
g2-pawn is falling and the king finds itself in a big trouble.} 28. Qd2 Bxg2
$19 {Now not only a pawn is lost, but also the king is in danger.} 29. h4 Be4 {
The b1-knight is traped and so White resigned.} (29... Be4 30. Bc2 Bxc2 31.
Qxc2 Qg2#) ({Even better is} 29... Bf3 {and it's not easy to find a good
defense against Qg2 mate.} {For example after} 30. Bc2 Be2) 0-1

[Event "Minneapolis HB Global op"]
[Site "Minneapolis"]
[Date "2005.05.22"]
[Round "9"]
[White "Milov, Vadim"]
[Black "Shulman, Yuri"]
[Result "1/2-1/2"]
[WhiteElo "2653"]
[BlackElo "2550"]
[Annotator "Mikhalevski,V"]
[PlyCount "60"]
[EventDate "2005.05.18"]
[EventType "swiss"]
[EventRounds "9"]
[EventCountry "USA"]
[SourceTitle "CBM 107"]
[Source "ChessBase"]
[SourceDate "2005.08.01"]
[SourceVersion "1"]
[SourceVersionDate "2005.08.01"]
[SourceQuality "1"]

1. d4 d5 2. c4 e6 3. Nf3 Nf6 4. Bg5 {Not a very common continuation. White is
not in a hurry with development of the queen's knight, which may go both to c3
and d2 depending on Black's plan.} dxc4 $5 {Also this continuation is rather
rare. Black transposes to the Queen's Gambit Accepted with Bg5 played. It's
curious that Milov played this way as Black not long ago.} 5. Qa4+ ({Probably
Vadim didn't like his position in the following game and so decided to test it
as White.} 5. Nc3 a6 6. a4 h6 7. Bxf6 Qxf6 8. e3 Nc6 9. Bxc4 Bd6 10. O-O O-O
11. Ne4 Qe7 12. Nxd6 cxd6 13. d5 Nd8 14. dxe6 fxe6 15. Rc1 $14 {1/2-1/2
Conquest,S-Milov,V/Port Erin IOM 2004/The Week in Chess 517 (68). (68) and
White is better thanks to vulnerability of the d and e-pawns.}) 5... Nbd7 6. e4
{The most agressive continuation.} (6. e3 c6 7. Qxc4 $2 {led to a quick
disaster in Azamaiparashvili,Z-Shirov,A, FIDE GP Dubai rapid 2002/CBM89
[Tsesarsky]} (7. Bxf6 $142) {after} 7... Qa5+ 8. Nbd2 $2 (8. Nc3 $142) 8... Ne4
9. Bh4 g5 10. Bg3 g4 11. O-O-O Nxg3 12. hxg3 gxf3 $19) (6. Qxc4 {was also
tested.}) 6... c6 {[%cal Gb7b5] Black prevents the natural development Bxc4.} (
6... a6 7. Bxc4 c5 8. e5 h6 9. Be3 cxd4 (9... Ng4 $1 {is much better.}) 10.
Bxd4 $14 {1-0 Hebden,M-Berry,N/Birmingham ENG 2002/The Week in Chess 392 (47).
(46)}) (6... c5 $5 7. Nbd2 a6 8. Bxc4 Rb8 9. Qc2 b5 10. Bxe6 $2 fxe6 11. e5 Bb7
(11... cxd4 $142 $1) 12. O-O Be7 13. exf6 gxf6 $11 {1/2-1/2 Hebden,M-Wells,P/
Catalan Bay ENG 2004/The Week in Chess 483 (46)}) 7. Qxc4 Qb6 {Black unpins
the knight on f6 and thus creates a double attack on b2 and e4. The main
drawback of this manoeuvre is that Black wastes a lot of time which helps
White to develop certain initiative.} ({I see also nothing wrong with} 7... h6
$5 {which forces exchange on f6.} 8. Bxf6 Nxf6 9. Nbd2 Qb6 10. Bd3 (10. Qc2 $5)
10... c5 (10... Qxb2 $5) 11. O-O cxd4 12. Nxd4 Bd7 13. Rac1 $2 Rc8 $1 14. Qxc8+
Bxc8 15. Rxc8+ Kd7 16. Rfc1 Bd6 $1 17. Rxh8 Qxd4 18. Nf3 Qxd3 19. e5 Nd5 $2 20.
exd6 Kxd6 $4 (20... Qb5 $1 $15) 21. Rd8+ Ke7 22. Rd7+ $1 {and it turns out
that Black loses the queen. 1-0 Mohr,G-Sieiro Gonzalez,L/Belfort 1988/EXT 2002
(22)} Kxd7 (22... Ke8 23. Ne5 $18 {[%csl Rd3,Re8][%cal Gc1c8]}) (22... Kf6 23.
Rxf7+ $1 $18 {[%cal Gf3e5]}) 23. Ne5+ $18 {[%csl Rd3,Rd7]}) 8. Nbd2 $1 ({
Certainly not} 8. Qc2 $2 Nxe4 $1 {[%csl Rb2]} 9. Qxe4 $140 Qxb2 $17) 8... Qxb2
9. Rb1 Qa3 10. Bd3 h6 11. Bh4 {Probably not the best retreat. Now Black may
try to enter the f4-square.} (11. Bf4 $5 {[%cal Gf4c7] Now White has in mind
to prevent a retreat of the black queen to a5 with Bc7.} Qa5 12. O-O Be7 13.
Qc2 Qd8 14. Nc4 O-O 15. Rfd1 c5 16. d5 exd5 17. exd5 Re8 18. d6 Bf8 19. Nfe5
$44 {1/2-1/2 Hebden,M-Lalic,B/Kilkenny 1999/CBM 073 ext (32). (32) and despite
being a pawn down White develops unpleasant initiative.}) 11... Be7 (11... Nh5
$1 {could be an unpleasant surprise. Now it's not easy to stop Nf4.} {While}
12. Bg3 $6 {leads to a favourable exchange for Black.} Nxg3) 12. O-O O-O 13.
Qc2 {[%cal Gd2c4] White is planning to trap the queen with Nc4.} Qa5 (13... Nb6
$5 {preventing Nc4.}) 14. Nc4 ({It was possible to prevent the queen from
coming to e7, which seems to be a nice square for her.} 14. e5 Nd5 15. Bxe7
Nxe7 16. Nc4 Qc7 17. Rfe1 $44) 14... Qd8 15. Rfd1 {White doesn't want to
simplify the position and maintains the pressure. The main point behind the
move is to meet c5 with d5.} Nb6 {Correct strategy. When you're lacking space
any exchange is welcome.} (15... c5 $6 {is dubious in view of} 16. d5 $1 Nxd5 (
16... exd5 17. exd5 Nxd5 $140 $2 18. Bh7+ Kh8 19. Rxd5 Bxh4 20. Bf5 $18 {
[%csl Rd7,Rh4]}) 17. exd5 Bxh4 18. dxe6 fxe6 19. Bh7+ Kh8 20. Be4 $16 {with
strong pressure.}) 16. Na5 {A nice square for the knight, which prevents the
development of the Black's queenside.} ({Since White can't prevent exchange of
the dark-squared bishop he could at least penetrate with the knight to d6.} 16.
e5 $5 Nfd5 17. Bxe7 Qxe7 18. Nd6 $44) 16... Nh5 $1 {Eventually Black succeeds
in trading at least something.} 17. Bxe7 Qxe7 18. Bf1 Nf6 19. Rdc1 Qc7 $11 {
[%cal Gf8d8,Gc8d7,Gd7e8] Black has been preparing the following regrouping of
pieces. The rook will go to d8 and the light-squared bishop to e8 via d7. I
don't see how White can set any problems.} 20. Rb3 Rd8 21. e5 Nh7 {I don't
understand why this passive move was necessary.} ({What was wrong with} 21...
Nfd5 {?}) 22. Nc4 {[%cal Gc4d6]} Nxc4 23. Bxc4 b6 24. Bd3 (24. Bb5 {wins a
pawn back, but allows counterplay.} Bb7 25. Bxc6 Qxc6 26. Qxc6 Bxc6 27. Rxc6
Ng5 $1 $132 {[%csl Rd4]}) 24... Nf8 25. Be4 Bb7 26. h4 {After this move Black
exchanges a pair of rooks and fully equalizes.} ({The immediate} 26. Rc3 {
was better.} c5 (26... Rac8 27. Bxc6 Bxc6 28. Rxc6 Qxc6 29. Qxc6 Rxc6 30. Rxc6
Kh7 $1 31. h4 $14) 27. Bxb7 (27. dxc5 Bxe4 28. Qxe4 Rac8 $5 29. cxb6 $140 (29.
c6 Ng6 $11 {[%cal Gd8d5,Gg6e7]}) 29... Qxc3 30. Rxc3 Rxc3 31. bxa7 Rd1+ 32. Ne1
Ra3 33. Kf1 Rxa7 $15) 27... Qxb7 28. dxc5 $14 {/= with some pressure.}) 26...
Rac8 27. Rc3 c5 $1 $11 28. Bxb7 Qxb7 29. dxc5 bxc5 30. Rxc5 Rxc5 {There are no
more resources to play on and so a draw was agreed.} 1/2-1/2

[Event "FIDE World Cup 13-16"]
[Site "Khanty-Mansiysk"]
[Date "2005.12.14"]
[Round "6.5"]
[White "Van Wely, Loek"]
[Black "Lautier, Joel"]
[Result "1-0"]
[WhiteElo "2648"]
[BlackElo "2680"]
[Annotator "Mikhalevski,V"]
[PlyCount "75"]
[EventDate "2005.11.27"]
[EventType "k.o."]
[EventRounds "7"]
[EventCountry "RUS"]
[SourceTitle "CBM 111"]
[Source "ChessBase"]
[SourceDate "2006.04.04"]
[SourceVersion "1"]
[SourceVersionDate "2006.04.04"]
[SourceQuality "1"]

1. d4 d5 2. c4 c6 3. Nf3 e6 4. e3 Nf6 5. Bd3 dxc4 6. Bxc4 Nbd7 (6... c5 {
which transposes into the Queen's Gambit Accepted looks like a more logical
alternative.}) 7. O-O Bd6 8. Qe2 $5 {An uncommon, although a rather logical
and flexible continuation. White prepares Rd1 and postpones development of his
queen knight, which can come both to c3 and d2 depending on Black's plan.} (8.
Nc3 {was more popular, although the entire setup is not a very frequent guest
in the tournament practice.} O-O 9. e4 e5 10. Be3 Qe7 11. Bb3 exd4 12. Bxd4 Ne5
13. Nxe5 Bxe5 14. Bxe5 Qxe5 15. f4 Qc5+ 16. Kh1 Be6 17. e5 $146 Rad8 18. Qf3
Bxb3 19. axb3 Nd5 20. Ne4 $14 {Lautier,J-Akopian,V, Calvia ol(Men) 2004/CBM
104[Lutz].}) 8... O-O 9. Rd1 ({White also tested the immediate} 9. e4 {, which
however looks premature.} e5 10. dxe5 (10. Bg5 h6 11. Bh4 Re8 12. Nbd2 Qe7 13.
Rad1 exd4 14. Nxd4 Nb6 (14... Bxh2+ $5 15. Kxh2 Qe5+ 16. f4 Qxd4 $13) 15. Bb3
Bxh2+ 16. Kxh2 Qe5+ 17. Kg1 Qxd4 18. Nf3 Qxe4 $17 {0-1 Kanep,M-Haslinger,S/Dos
Hermanas 2004/CBM 99 ext (60)}) 10... Nxe5 11. Nxe5 Bxe5 $11 {1-0 Chatalbashev,
B-Thallinger,H/Oberwart AUT 2003/The Week in Chess 453 (28)}) 9... Qc7 $6 {
As it turned out this is not a very fortunate position for the queen. It would
be better to place it on e7.} ({The only preceding game saw} 9... Qe7 10. e4 e5
11. Re1 b5 12. Bb3 c5 13. dxc5 Nxc5 14. Bg5 Nxb3 15. axb3 Be6 16. Nc3 a6 $11 {
and Black was at least not worse in 0-1 Lysyj,I-Grachev,B/Moscow 2004/EXT 2005
(37)}) 10. h3 c5 (10... e5 $5) 11. dxc5 $1 {Van Wely felt that this is the
bext way to exploit position of the black queen on c7.} Bxc5 ({After} 11...
Nxc5 $5 12. Nc3 {[%cal Gc3b5]} a6 13. e4 {[%cal Ge4e5]} b5 14. e5 Bxe5 15. Qxe5
Qxe5 16. Nxe5 bxc4 17. Nxc4 $14 {White is just slightly better.}) 12. b3 $1 {
White's plan has crystallized. the bishop goes to b2; the queen knight to d2
and finally queen rook to c1.} a6 $6 {[%cal Gb7b5,Gc8b7] Black is also
preparing development of the queen side, but makes it more difficult for
himself to develop the queen rook.} ({The immediate} 12... b6 $1 {is better as
after a6 the queen rook is nailed to the a-pawn.} 13. Bb2 Bb7 14. Nbd2 Rac8 15.
Rac1 Qb8 {with a much better version of the game.}) 13. a4 $1 b6 14. Bb2 Bb7
15. Nbd2 Rfd8 (15... Rac8) 16. Rac1 {Now it's clear that the queen would feel
much more comfortable on e7.} Qb8 $6 (16... a5 {Prevetning b4 and freeing the
rook from defense of the a6-pawn was better.}) 17. Bd3 $1 {[%cal Gd2c4] A nice
regrouping of pieces.} h6 18. Nc4 Ne4 $2 {Black is not ready for such an
activity and places the knight in a hanging position, which Van Wely exploits
instantly with} ({It would be better to return to c7 trying to reset
coordination of his pieces.} 18... Qc7) 19. Nfe5 $1 $16 {[%csl Re4,Rg7]} Ndf6
$2 {After this natural move Black's position collapses.} (19... Nef6 {was
necessary, although White's superiority here is out of question.} 20. Nxd7 Nxd7
21. Qh5 $16 {[%csl Rf7,Rg7][%cal Gd3h7]}) 20. Ng4 $1 {[%csl Rg8] With two
precise moves Van Wely underlines the fallacy of Black's strategy.} Nh7 {
Loses by force, but it's not easy to give Black a good advice.} (20... Nd7 {
[%csl Ge5] loses to} 21. Nxh6+ $1 gxh6 22. Qg4+ Ng5 23. h4 f5 24. Qh5 Nf7 25.
Qg6+ Kf8 26. Be2 $1 {[%cal Ge2h5]} Ke7 27. Rxd7+ $1 (27. Bh5 $5 Rf8 28. Nxb6 $1
$18 Bxb6 $140 29. Ba3+ Bc5 30. Rxc5 Nxc5 31. Bxc5+ Ke8 32. Qxe6#) 27... Rxd7 (
27... Kxd7 28. Qxf7+ Kc6 29. Bf3+ Rd5 30. Ne5+ Kd6 31. Qd7#) 28. Bf6+ Ke8 29.
Nxb6 $1 $18) (20... Bd5 {was the only chance to put some resistanse, although
Black's position is difficult anyway.}) 21. Be5 $18 {Forcing the queen to a
"nice" square a7.} ({or} 21. b4 $5 Bxb4 22. Be5 Qa7 (22... Nd6 23. Qb2 $1 $18 {
[%csl Rb4,Rg7]}) 23. Qb2 {, which transposes to 21.Be5 Qa7 22.b4!}) 21... Qa7 (
21... Qc8 $2 {is impossible in view of} 22. Nxb6 $18 {[%csl Ra8,Rc8]}) 22. Qb2
{White's play is simple and strong, but he could play even better.} (22. b4 $1
{This strong move discoordinates black pieces and wins instantly. F.e.} Bxb4 (
22... Bf8 23. Bd4 $18 {[%csl Rb6]} (23. Bc7 $5 $18 {[%csl Rb6,Rd8]})) 23. Qb2 {
[%csl Rb4,Rg7]} Bf8 (23... h5 24. Qxb4 hxg4 25. Nxb6 $18 {[%csl Ra8]}) (23...
a5 24. Bxg7 $18 {[%cal Gg4h6]}) (23... f6 24. Qxb4 fxe5 25. Nxb6 Rab8 (25... a5
26. Qe7 $1 Re8 27. Qc7 $18) 26. Rc7 $1 Rd6 27. Nc8 $1 {[%csl Ra7,Rd6]} Bxc8 28.
Qxe4 $1 {[%csl Ra7,Rh7]} Qxc7 29. Qxh7+ Kf8 30. Qh8+ Kf7 31. Nxe5+ Kf6 32. Qf8+
Kxe5 33. Qf4+ Kd5 34. Qe4+ Kc5 35. Rc1+ Kb6 36. Qb4+ $18) 24. Nxb6 $18 {
[%csl Ra8] The rook is traped and White wins.}) 22... f6 23. b4 $1 b5 $1 {
The only chance to complicate matters.} (23... fxe5 24. bxc5 Nxc5 25. Bxh7+
Kxh7 26. Nxb6 Rxd1+ 27. Rxd1 Rb8 (27... Rf8 28. Qb4 $1 $18 {[%csl Rc5,Rf8]}) (
27... Re8 28. Qc2+ $1 Ne4 29. Rd7 $1 Qxb6 30. Nf6+ Kh8 31. Nxe8 Bc6 32. a5 $1
$18) 28. a5 $1 {[%csl Ra7,Re5]} e4 29. Qe5 $18 {[%csl Rc5,Re6]}) (23... Bf8 24.
Bd4 $1 $18) 24. axb5 {It wasn't necessary to open the a-file as it gives Black
some fresh air.} (24. bxc5 $1 {was simplier and better.} fxe5 (24... bxc4 25.
Bxc4 Rxd1+ 26. Rxd1 Nf8 (26... fxe5 27. Bxe6+ Kh8 28. c6 $1 Bxc6 29. Nxe5 {
[%csl Rc6,Rh8][%cal Ge5g6]} Nhf6 (29... Be8 30. Rd7 $1 $18 {[%csl Rg7][%cal
Ge5g6]}) 30. Nxc6 $18) 27. Bxf6 gxf6 28. Nxf6+ Nxf6 29. Qxf6 {[%cal Gd1d4,
Gd4g4]} Be4 30. Bxe6+ Kh7 31. Bf7 Qxc5 32. Rd4 $18 {[%cal Gd4g4]}) 25. Bxe4
Bxe4 (25... Rxd1+ 26. Rxd1 Bxe4 27. Nb6 Re8 28. axb5 axb5 29. Qxb5 $18) 26. Nd6
Bc6 27. Qxe5 (27. Nxe5 $5) 27... Nf8 28. Qg3 $1 {[%cal Gg4h6,Gg4e5]} Kh7 29.
Ne5 Qc7 30. Rd4 $1 $18 {[%cal Gd4f4,Gf4f7]}) 24... axb5 (24... fxe5 {less
chances for White's mistake leaves} 25. bxc5 Nxc5 (25... axb5 26. Nb6 $18 {
[%csl Ra7,Ra8][%cal Gc1a1]}) 26. b6 Qb8 27. Ncxe5 Nxd3 28. Rxd3 Rxd3 29. Nxd3
$18 {[%cal Gc1c7] and White wins.}) 25. Ra1 $2 {A serious mistake, which could
turn the evaluation upside-down.} (25. Na5 $1 Bd5 26. bxc5 fxe5 (26... Qxa5 27.
Ra1 $1 $18 {[%csl Ra5]}) 27. Bxe4 Bxe4 (27... Qxa5 28. Qxe5 Bxe4 29. Qxe6+ Kh8
30. Qxe4 $18) 28. Rxd8+ Rxd8 29. Qxb5 $16) 25... Rxd3 $2 {Black returns a
favour.} ({After correct} 25... bxc4 $1 26. Rxa7 Bxa7 27. Be2 Rxd1+ 28. Bxd1
fxe5 29. Qxe5 Bd5 $17 {it's White who has to look for escape.}) 26. Rxd3 Qxa1+
27. Qxa1 Rxa1+ 28. Bxa1 bxc4 ({After correct} 28... Bxb4 $1 29. Rb3 Bf8 $1 30.
Na5 (30. Rxb5 $2 Ba6 $11 {[%csl Rb5,Rc4]}) 30... Ba6 31. Nc6 $16 {White would
still have to show good technique to win the game.}) 29. Rd7 {[%csl Rb7,Rc5]}
Bc6 30. Rc7 $18 {[%csl Rc5,Rc6] Now it's over.} Ba4 ({or} 30... Bxb4 31. Rxc6
$18 {[%csl Rc4,Re6]}) 31. bxc5 c3 32. c6 c2 33. Bb2 Nf8 (33... Nc3 34. Rc8+ Kf7
35. c7 {[%cal Gc8d8]} Nd5 36. Rf8+ $18) 34. Rc8 h5 35. c7 {[%cal Gc8f8]} Bd7
36. Rd8 {[%cal Gd8d7]} Nd6 37. Nh2 Kf7 38. Ba3 $1 {Now neither of black pieces
can move and so Lautier resigned.} 1-0